000 00399nam a2200181Ia 4500
001 759
005 20260306140541.0
008 260306t1998||||xx |||||||||||||| ||spa||
041 _aESP
082 _a160
_bI22
100 _aIbarra Barrón, Carlos
_eAUT
245 0 _aLógica
260 _c1998
300 _a311 páginas :
_c24 cm.
650 _aGEN
654 _aCHU
942 _cLIB
_dJUS
_fJUS
_2ddc
_n
999 _c759
_d759